Hauptstädte der Autonomen Gemeinschaften Spaniens - Statistiken

Allgemein
  • Dieses Quiz wurde 67 mal gespielt
  • Das Durchschnittsergebnis liegt bei 10 aus 16
Antwortstatistiken
Gemeinschaft Hauptstadt % Korrekt
Katalonien Barcelona
100%
Madrid Madrid
100%
Andalusien Sevilla
100%
Valencia Valencia
100%
Balearen Palma
88%
Aragonien Saragossa
76%
Murcia Murcia
72%
Kastilien und León Valladolid
52%
Baskenland Vitoria-Gasteiz
52%
Kantabrien Santander
44%
Asturien Oviedo
40%
Navarra Pamplona
40%
Galicien Santiago de Compostela
40%
Kastilien-La Mancha Toledo
40%
La Rioja Logroño
32%
Extremadura Mérida
32%
Keine übereinstimmenden Quizze gefunden
Verteilung der Resultate
Anzahl Personen mit jedem Resultat
Perzentil nach korrekt beantworteten Fragen
Ihre Resultats-Entwicklung
Sie haben dieses Quiz noch nicht gespielt